<?xml version="1.0" encoding="UTF-8"?>
<collection xmlns="http://www.loc.gov/MARC21/slim">
 <record>
  <leader>00683pamaa2200181   4500</leader>
  <controlfield tag="001">0000022363</controlfield>
  <controlfield tag="005">20060623090000.0</controlfield>
  <datafield tag="020" ind1="0" ind2="0">
   <subfield code="a">0198549342 </subfield>
  </datafield>
  <datafield tag="082" ind1=" " ind2=" ">
   <subfield code="a">363.731 TRA</subfield>
  </datafield>
  <datafield tag="090" ind1="0" ind2="0">
   <subfield code="a">TE57 </subfield>
   <subfield code="b">TRA 1996</subfield>
  </datafield>
  <datafield tag="245" ind1="0" ind2="0">
   <subfield code="a">TRANSPORT and the environment : </subfield>
   <subfield code="b">the Linacre lectures 1994-5  </subfield>
   <subfield code="c">edited by Bryan Cartledge.</subfield>
  </datafield>
  <datafield tag="260" ind1="0" ind2="0">
   <subfield code="a">Oxford: </subfield>
   <subfield code="b">O.U.P., </subfield>
   <subfield code="c">1996.</subfield>
  </datafield>
  <datafield tag="300" ind1=" " ind2=" ">
   <subfield code="a">154p.; </subfield>
   <subfield code="c">25cm.</subfield>
  </datafield>
  <datafield tag="650" ind1="0" ind2="0">
   <subfield code="a">Highway engineering -- </subfield>
   <subfield code="x">Environmental aspects -- </subfield>
   <subfield code="z">Great Britain </subfield>
  </datafield>
  <datafield tag="650" ind1="0" ind2="0">
   <subfield code="a">Traffic engineering -- </subfield>
   <subfield code="x">Environmental aspect -- </subfield>
   <subfield code="z">Great Britain </subfield>
  </datafield>
  <datafield tag="650" ind1="0" ind2="0">
   <subfield code="a">Transportation engineering -- </subfield>
   <subfield code="x">Environmental aspects -- </subfield>
   <subfield code="z">Great Britain </subfield>
  </datafield>
  <datafield tag="700" ind1="1" ind2="1">
   <subfield code="a">CARTLEDGE, </subfield>
   <subfield code="h">Bryan </subfield>
  </datafield>
  <datafield tag="740" ind1="0" ind2="4">
   <subfield code="a">Thje Linacre lectures 1994-5</subfield>
  </datafield>
 </record>
</collection>
